Strakonický gajdoš

Bibliographic Details
Other Authors: Pechr, Čestmír
Format: Photo
Language:Slovak
PhysicalDescription:1 plagát farebný, zobrazené gajdy 88 x 61 cm
Published: Martin Divadlo Slovenského národného povstania 1978
Subjects:

MARC

LEADER 00000nkm a2200000 a 4500
001 vtls011595814
003 SK-MaSNL
005 20260426010050.0
007 kf bo
008 240409s1997 xo g kuslo
035 |a urn:nbn:sk:snk-km00cq6i 
035 |a urn:nbn:sk:snk-km3lra9 
035 |a 84F0DB5F-DBFA-4E2B-94C1-886E1EA062C1 
040 |a SNK  |b slo  |c SNK  |e AACR2 
041 0 |a slo 
043 |a e-xo--- 
044 |a xo  |c SK 
072 7 |a 394  |x Verejný a spoločenský život. Každodenný život  |2 konspekt 
072 7 |a 929  |x Biografie  |2 konspekt 
080 |a 394.46  |2 2011 
080 |a (084.5)  |2 2011 
080 |a 929  |2 2011 
245 0 0 |a Strakonický gajdoš 
260 |a Martin  |b Divadlo Slovenského národného povstania  |c 1978 
300 |a 1 plagát  |b farebný, zobrazené gajdy  |c 88 x 61 cm 
648 7 |a 1896-1996  |2 SNKPH  |9 286313 
650 0 7 |a divadlo  |2 SNKPH  |9 3335 
651 7 |a Slovensko  |2 SNKPH  |9 14231 
655 7 |a plagáty  |2 SNKPH  |9 70571 
700 1 |a Pechr, Čestmír  |9 352374 
852 |a Slovenská národná knižnica v Martine 
958 |a CP 
958 |a GBN 
999 |c 1024342  |d 1026272 
952 |a SNKLM  |b SNKLM  |y NEVYP  |7 1  |p 17A1201472  |o snklm L 857  |8 7  |0 0  |1 0  |4 0  |d 2016-11-28  |f 1  |l 0  |r 2026-02-24 13:34:35  |w 2026-02-24